[Event "HUN-ch Rapid 2020"]
[Site "Ajka"]
[Date "2020.07.18"]
[Round "7.15"]
[White "Fekete, Albert"]
[Black "Csonka, Balazs"]
[Result "0-1"]
[WhiteElo "2099"]
[BlackElo "2498"]
[Annotator "TA"]
[PlyCount "66"]
[EventDate "2020.07.17"]
[EventType "swiss"]
[EventCountry "HUN"]
[SourceTitle "playchess.com"]
[Source "ChessBase"]
[SourceQuality "1"]

{[%evp 22,66,-22,-30,-38,-39,-30,-39,-10,-33,-36,-43,-27,-87,-68,-84,-81,-104,-125,-128,-75,-78,-74,-147,-166,-181,-187,-197,-138,-193,-168,-281,-236,-234,-190,-204,-220,-282,-182,-176,-172,-179,-166,-385,-381,-29989,-29990]} 1. Nf3 Nf6 2. g3 d5 3. Bg2 c5 4. O-O Nc6 5. d3 e6 6. Nbd2 Be7 7. e4 O-O 8. Re1 b5 9. e5 Nd7 10. Nf1 Bb7 11. h4 Qc7 12. Bf4 Rfc8 {C00: French: Unusual White 2nd moves.} 13. N1h2 Qd8 14. Ng4 a5 {[%cal Ba7a5,Ba5a4][%mdl 32] Black is slightly better.} 15. h5 h6 16. Qd2 Bf8 17. Ngh2 (17. c4 $11) 17... Ra6 18. g4 Be7 19. c3 a4 20. a3 {[#]} Rb6 $146 (20... Na5 $142 {White must now prevent ...Nb3.} 21. Qc2 Nb3) ({Predecessor:} 20... b4 21. Qe3 d4 22. cxd4 Nxd4 23. Nxd4 cxd4 24. Qe2 Bxg2 25. Kxg2 bxa3 26. bxa3 Rc3 {1-0 (42) Gukesh,D (2323)-Lokesh,N (2181) Puchong 2017}) 21. d4 $17 cxd4 22. cxd4 (22. Nxd4 $142 Nxd4 23. Qxd4) 22... b4 23. g5 hxg5 24. Nxg5 {[#]} bxa3 (24... Nxd4 $1 $19 {[%mdl 512]} 25. Qxd4 Bxg5) 25. bxa3 {[#]} (25. Rxa3 $17 Bxa3 26. bxa3) 25... Nxd4 $1 $19 {[%mdl 512]} 26. Nxf7 (26. Qxd4 $142 Bxg5 27. Rec1) 26... Kxf7 27. Qxd4 Rc4 28. Qd2 {[#]} Nc5 $1 {[%cal Rc5b3] Strongly threatening ...Nb3.} 29. Ra2 Ne4 30. Bxe4 Rxe4 31. Rxe4 dxe4 32. Qe2 $2 (32. Qxd8 {is a better defense.} Rb1+ 33. Nf1 Bxd8 34. Rc2) 32... Qd3 33. Qd2 $2 (33. Be3 $19 Rb1+ 34. Kg2 Qxe2 35. Rxe2) 33... Rb1+ {Accuracy: White = 52%, Black = 68%.} 0-1

[Event "HUN-ch Rapid 2020"]
[Site "Ajka"]
[Date "2020.07.18"]
[Round "7.16"]
[White "Varga, Peter"]
[Black "Nemeth, Gergely"]
[Result "0-1"]
[WhiteElo "2371"]
[BlackElo "2133"]
[Annotator "TA"]
[PlyCount "104"]
[EventDate "2020.07.17"]
[EventType "swiss"]
[EventCountry "HUN"]
[SourceTitle "playchess.com"]
[Source "ChessBase"]
[SourceQuality "1"]

{[%evp 21,104,25,49,0,0,0,0,0,0,0,0,-130,-110,-118,-9,-39,-6,-16,0,0,0,0,0,0,0,-17,-10,-19,0,0,0,0,0,0,0,-42,-35,-139,-91,-175,-55,-101,-29,-81,-79,-73,-62,-98,0,0,0,0,0,0,0,-16,0,-166,-206,-1850,-1933,-12841,-12839,-12838,-12839,-12847,-12847,-12845,-12845,-12845,-12846,-12846,-12847,-12847,-12847,-12848,-12848,-12850,-12850,-12850,-12850,-12850,-27999,-27999,-27999]} 1. d4 d5 2. c4 e6 3. Nc3 Nf6 4. cxd5 exd5 5. Bg5 Be7 6. Qc2 O-O 7. e3 b6 8. Bd3 h6 9. Bh4 Bb7 10. Nf3 c5 11. O-O Nbd7 12. Ne5 {D55: Queen's Gambit Declined: 4 Bg5 Be7: Lines without ...h6 and 6...h6 7 Bxf6.} Nxe5 13. dxe5 Ng4 14. Bg3 $1 {The position is equal.} Bh4 $1 15. Bf4 g5 {[#]} 16. Bg3 $146 (16. Qe2 $11 {remains equal.} Nxf2 17. Rxf2 Bxf2+ 18. Qxf2 gxf4 19. exf4) ({Predecessor:} 16. Bf5 Bxf2+ 17. Rxf2 Nxf2 18. Bg3 Ne4 19. Nxe4 dxe4 20. Rd1 Qe8 21. Rd6 Kg7 22. e6 {1-0 (33) Storland,K (2215)-Stangeland,E Norway 1992}) 16... Bxg3 $17 17. hxg3 Nxe5 (17... Qe7 $1 $17 18. Bh7+ Kg7) 18. Bh7+ Kg7 {White should prevent ...Qf6.} 19. Rad1 Ng4 {[#]} 20. Be4 $1 {[%cal Rc3d5][%mdl 512]} Nf6 {[%cal Rf6e4]} (20... dxe4 21. Rxd8) 21. Bxd5 Nxd5 22. Nxd5 Bxd5 23. Qc3+ Qf6 24. Rxd5 Rfd8 $36 {[%mdl 2048] Black has some pressure.} 25. Rfd1 Qxc3 26. bxc3 Rxd5 27. Rxd5 $11 {[%mdl 4096] Endgame KR-KR} Kf6 28. Rd6+ Ke5 29. Rxh6 ({Better is} 29. Rd2 $15) 29... Rd8 30. Rc6 (30. Rh7 $17) 30... Rd3 (30... Rd7 $19 31. c4 Ke4) 31. c4 Rc3 (31... Ra3 $1 $17 32. Rc7 f6) 32. Rc7 (32. f4+ $11 {keeps the balance.} gxf4 33. exf4+ Ke4 34. Rc7) 32... f6 $17 33. Rxa7 Rxc4 34. Kf1 {[#]} Rc2 (34... Rc1+ $1 $17 35. Ke2 Rc2+ 36. Ke1 b5) 35. a4 $11 c4 36. a5 bxa5 37. Rxa5+ Ke4 {...Rb2 is the strong threat.} 38. Ra8 Rd2 {And now ...c3 would win.} 39. Ke1 $2 {[#]} (39. Ra3 $1 $11) 39... c3 $1 $19 {[%mdl 1024] Black has strong compensation.} 40. Ra1 $2 (40. Rc8 Kd3 41. Rd8+ Kc2 42. Rf8) 40... Kd3 41. Rc1 Re2+ 42. Kf1 Ra2 43. Ke1 c2 44. f4 Rb2 45. Kf2 Rb1 46. Rxc2 Kxc2 {KR-KP} 47. Kf3 Kd3 48. Kg4 Kxe3 {( -> ...Rb5)} 49. fxg5 Rb4+ 50. Kh5 {[#]} Rb5 $1 51. Kg6 Rxg5+ 52. Kxf6 Rxg3 {Accuracy: White = 57%, Black = 75%.} 0-1

[Event "HUN-ch Rapid 2020"]
[Site "Ajka"]
[Date "2020.07.18"]
[Round "7.17"]
[White "Juhasz, Barbara"]
[Black "Horvath, Tamas I"]
[Result "1/2-1/2"]
[WhiteElo "2223"]
[BlackElo "2318"]
[Annotator "TA"]
[PlyCount "34"]
[EventDate "2020.07.17"]
[EventType "swiss"]
[EventCountry "HUN"]
[SourceTitle "playchess.com"]
[Source "ChessBase"]
[SourceQuality "1"]

{[%evp 16,34,0,8,10,-5,14,31,37,-10,-2,-6,0,0,0,-6,0,-5,10,0,0]} 1. e4 c5 2. Nf3 e6 3. d4 cxd4 4. Nxd4 Nf6 5. Nc3 Nc6 6. Nxc6 bxc6 7. Bd3 d5 8. O-O Be7 9. Re1 a5 {B40: Sicilian: 2...e6, Unusual lines.} 10. Qf3 {[#]} Ba6 $146 ({Predecessor:} 10... Qc7 11. Bg5 h6 12. Bxf6 gxf6 13. exd5 cxd5 14. Nb5 Qd7 15. Qg3 Kf8 16. Rad1 Bb7 {0-1 (26) Conlon,J (2173)-Greet,A (2266) Witley 2000}) 11. Bxa6 Rxa6 {White is slightly better.} 12. e5 Nd7 {The position is equal.} 13. Qg3 g6 14. Bh6 Bf8 15. Bg5 Be7 16. Bh6 Bf8 17. Bg5 Be7 {Not much happened in this game.} 1/2-1/2

[Event "HUN-ch Rapid 2020"]
[Site "Ajka"]
[Date "2020.07.18"]
[Round "7.18"]
[White "Buzas, Bertalan"]
[Black "Szelenyi, Norbert"]
[Result "1-0"]
[WhiteElo "2258"]
[BlackElo "2283"]
[Annotator "TA"]
[PlyCount "97"]
[EventDate "2020.07.17"]
[EventType "swiss"]
[EventCountry "HUN"]
[SourceTitle "playchess.com"]
[Source "ChessBase"]
[SourceQuality "1"]

{[%evp 15,97,-20,0,-18,26,-43,-47,-55,-50,-55,-48,-59,-41,-61,-62,-72,-63,-58,-66,-82,-82,-83,-83,-108,-80,-139,-125,-160,-165,-170,-183,-255,-262,-252,-226,-243,-245,-323,-318,-607,-525,-525,-512,-512,-508,-553,-550,-568,-508,-584,-603,-668,-675,-660,-642,-669,-657,-733,-733,-710,-631,-714,0,-692,-691,-636,-584,-556,-538,-507,-448,-593,-583,-704,-607,-632,62,34,1025,1023,932,936,852,822]} 1. d4 d5 2. Nf3 Nf6 3. Bf4 c5 4. e3 Nc6 5. c3 Qb6 6. Qb3 c4 7. Qxb6 axb6 8. Na3 Bf5 9. Nh4 {D02: 1 d4 d5 2 Nf3 sidelines, including 2...Nf6 3 g3 and 2...Nf6 3 Bf4.} (9. Nb5 $5 {[%cal Rb5c7]} Ra5 10. a4 $11) 9... e6 10. Nb5 (10. Nxf5 $11 exf5 11. Nb5) 10... Ra5 $15 11. Nd6+ {Black is slightly better.} Bxd6 $1 12. Bxd6 Kd7 13. Nxf5 exf5 {[#]} 14. Bg3 $146 ({Predecessor:} 14. Bb4 Ra7 15. a3 Re8 16. g3 g6 17. Be2 Ne4 18. Bf3 Nxb4 19. Bxe4 fxe4 20. cxb4 {0-1 (39) Ornolfsson,M (2180)-Gretarsson,H (2440) Reykjavik 1995}) 14... b5 $1 15. a3 b4 16. cxb4 Nxb4 {[#] Hoping for ...Nc2+.} 17. Rc1 Nc6 18. Be2 Re8 19. O-O b5 20. Bd1 (20. h3 $142) 20... Ne4 $17 21. Bc2 Nxg3 22. fxg3 g6 ({Don't play} 22... Rxe3 23. Bxf5+ Kd6 24. Bxh7 $17) 23. g4 (23. Rf3 $142) 23... Rxe3 $19 24. gxf5 g5 25. Kf2 Re8 26. f6 Nxd4 {[#] ...Re2+ is the strong threat.} 27. Rcd1 $2 (27. Rfe1 Rxe1 28. Kxe1) 27... Nxc2 28. Rxd5+ Kc6 29. Rxg5 Re6 30. Kg3 Ne3 31. Rf3 Nd5 32. Rg7 Ra7 33. Rxh7 Nxf6 34. Rh8 Ne4+ 35. Kf4 Rae7 36. h4 Nd2 37. Rg3 Re4+ 38. Kg5 R4e6 39. Kf4 Rf6+ 40. Kg4 Ne4 41. Rf3 Rg6+ 42. Kh3 Rd6 43. Rc8+ Kb7 44. Rf8 Rd3 45. Kg4 Nf6+ $2 (45... f6 $19 46. Kf4 Rd2) 46. Rxf6 $14 Rb3 $2 {[%mdl 8192]} (46... Rd2 $14) 47. R8xf7 $18 {White is clearly winning.} Rxf7 48. Rxf7+ Kc6 49. Rf2 {Never resign too early! Accuracy: White = 49%, Black = 75%.} 1-0

[Event "HUN-ch Rapid 2020"]
[Site "Ajka"]
[Date "2020.07.18"]
[Round "7.19"]
[White "Udvardi, Zalan"]
[Black "Deak, Sandor"]
[Result "0-1"]
[WhiteElo "2224"]
[BlackElo "2281"]
[Annotator "TA"]
[PlyCount "50"]
[EventDate "2020.07.17"]
[EventType "swiss"]
[EventCountry "HUN"]
[SourceTitle "playchess.com"]
[Source "ChessBase"]
[SourceQuality "1"]

{[%evp 20,50,0,-8,1,10,26,18,16,64,68,22,16,-13,-31,-75,-44,-79,-51,-50,-40,-48,-34,-49,-10,-20,0,0,2,-37,-10,-968,-675]} 1. e4 e5 2. Nf3 Nc6 3. Bc4 Nf6 4. d4 exd4 5. e5 d5 6. Bb5 Ne4 7. Nxd4 Bd7 8. Bxc6 bxc6 9. O-O Bc5 10. f3 Ng5 11. f4 Ne6 {C56: Two Knights: 4 d4 exd4 5 0-0 Nxe4.} 12. c3 {12.c3 scores better than 12.Be3.} Bb6 13. f5 Nxd4 {The position is equal.} 14. cxd4 Qh4 15. Rf4 Qe7 {[#]} 16. Nc3 $146 ({Predecessor:} 16. Kh1 c5 17. dxc5 Bxc5 18. Qxd5 Rd8 19. Qe4 O-O 20. Nc3 Rfe8 21. Be3 Bxe3 22. Qxe3 Qxe5 23. Qxe5 Rxe5 {½-½ (50) Tovillas,D-Rubinetti,J (2405) Buenos Aires 1981}) 16... Qxe5 17. Kh1 Qf6 18. Qe1+ Kf8 (18... Qe7 {is more complex.} 19. Be3 f6 20. Qd2 Qb4 21. Re1 a5) 19. Qf2 Re8 20. Bd2 h6 21. Rf1 Ke7 22. b4 Kf8 23. a4 {[#] Strongly threatening a5.} a6 24. Be1 Qd6 25. Qb2 $2 {[%mdl 8192]} (25. Ne2 $11) 25... Rxe1 {Accuracy: White = 49%, Black = 68%.} 0-1

[Event "HUN-ch Rapid 2020"]
[Site "Ajka"]
[Date "2020.07.18"]
[Round "7.20"]
[White "Farago, Sandor"]
[Black "Szalanczi, Emil"]
[Result "1-0"]
[WhiteElo "2271"]
[BlackElo "2114"]
[Annotator "TA"]
[PlyCount "57"]
[EventDate "2020.07.17"]
[EventType "swiss"]
[EventCountry "HUN"]
[SourceTitle "playchess.com"]
[Source "ChessBase"]
[SourceQuality "1"]

{[%evp 9,57,25,92,62,60,53,84,62,68,79,65,32,354,343,534,550,733,727,1036,1061,1263,1263,1285,1243,1373,1312,1249,1158,29987,29988,29990,29991,29991,29992,29992,29993,29993,29994,29996,29995,29995,29974,29994,29995,29995,29996,29996,29997,29997,29998]} 1. e4 c5 2. Nf3 d6 3. Bb5+ Nd7 4. c4 e6 5. d4 {[#]} Qc7 $146 (5... cxd4 $11 6. Qxd4 (6. Nxd4 Ngf6 $11) 6... Ngf6) ({Predecessor:} 5... cxd4 6. Nxd4 Ngf6 7. Nc3 Be7 8. O-O O-O 9. Bxd7 Qxd7 10. Be3 b6 11. f3 Bb7 12. Qd2 Rac8 13. b3 a6 14. Rfd1 Qc7 15. Rac1 Rfe8 16. Nde2 {1-0 (40) Sychev,V (2079)-Uimenov,V (2062) Tambov 2009}) 6. dxc5 {B51: Sicilian: Moscow Variation (3 Bb5+) without 3...Bd7.} dxc5 7. Nc3 a6 8. Ba4 {White is better.} Ne7 9. O-O Nc6 10. Re1 Nb6 $2 {[%mdl 8192] [#] This costs Black the game.} (10... Bd6 $14) 11. Nd5 $1 $18 {[%cal Rd5c7][%mdl 512]} Qd8 (11... exd5 $142 12. exd5+ {[%mdl 64] Pin} Be6) 12. Bf4 Be7 13. Bc7 {[%mdl 64] Double Attack} exd5 14. Bxd8 Kxd8 15. exd5 Nd4 16. Nxd4 cxd4 {[#]} 17. Rxe7 $1 {[%mdl 64] Clearance} Kxe7 18. Qe2+ Kd8 19. Re1 {[%csl Ge1][%cal Re2e7] White mates.} Bf5 20. Qe7+ {[%mdl 64] Double Attack} Kc8 21. Qc5+ {[%mdl 64] Double Attack} Kb8 22. Qxb6 a5 {[#]} 23. Re7 $1 {[%csl Ge7][%cal Rb6b7][%mdl 64] Double Attack} Ra7 24. Bc6 Bc8 25. Qxd4 Rd8 {[#]} 26. Qb6 $1 Rf8 27. d6 a4 28. d7 Bxd7 29. Rxd7 {Accuracy: White = 84%, Black = 33%.} 1-0

[Event "HUN-ch Rapid 2020"]
[Site "Ajka"]
[Date "2020.07.18"]
[Round "7.21"]
[White "Kovacsy, Barnabas"]
[Black "Zentai, Peter"]
[Result "1/2-1/2"]
[WhiteElo "2143"]
[BlackElo "2304"]
[Annotator "TA"]
[PlyCount "89"]
[EventDate "2020.07.17"]
[EventType "swiss"]
[EventCountry "HUN"]
[SourceTitle "playchess.com"]
[Source "ChessBase"]
[SourceQuality "1"]

{[%evp 20,89,-10,-52,-59,-70,-78,-72,-65,-99,-94,-80,-47,-63,-38,-107,-105,-116,-53,-47,-50,-54,-53,-117,-118,-108,-97,-117,-112,-233,-228,-244,-142,-211,-120,-164,-69,-77,-41,-48,-34,-29,0,-152,-85,-139,-124,-125,-127,-159,-169,-133,-78,-75,-64,-81,0,0,0,0,0,0,0,0,0,0,37,45,45,0,0,0]} 1. e4 e6 2. d4 d5 3. Nc3 Nf6 4. e5 Nfd7 5. f4 c5 6. Nf3 Nc6 7. Be3 cxd4 8. Nxd4 Bc5 9. Nxc6 bxc6 10. Bxc5 Nxc5 11. Bd3 Qb6 {B44: Sicilian: Taimanov: 5 Nb5.} 12. b3 O-O 13. Qd2 a5 {Black is better.} 14. a3 {[#]} Nxd3+ $146 ({Predecessor:} 14... f6 15. exf6 Rxf6 16. g3 Nxd3+ 17. Qxd3 c5 18. O-O-O Bb7 19. Qb5 Qxb5 20. Nxb5 Bc6 {1-0 (50) Bares,J (1989)-Stanek,O (1885) Ricany 2017}) 15. Qxd3 f6 16. O-O-O Qc7 17. exf6 (17. Qe3 $15) 17... Qxf4+ $17 18. Kb2 Qxf6 (18... Ba6 $17 19. Qd4 Qxd4 20. Rxd4 Rxf6) 19. Rhf1 $15 Qe7 20. Rxf8+ Qxf8 21. Rf1 (21. Na4 $15) 21... Qd6 $17 {aiming for ...Ba6.} 22. Qf3 {White threatens Qf7+ and mate.} Ra7 23. h4 e5 24. Rd1 (24. Qf2 $17 {was necessary.} Rb7 25. Qd2) 24... Rf7 $19 25. Qe2 Bf5 (25... Qf6 $19 26. g4 e4) 26. Qa6 (26. g4 $17 Bc8 27. g5) 26... Qg6 ({Black should play} 26... Qc7 $19 27. Rf1 e4) 27. Rd2 e4 (27... d4 $19 28. Na4 Qf6) 28. Qxa5 $15 Qf6 {...e3 is the strong threat.} (28... Qh6 $5 {[%cal Rh6d2]} 29. Rf2 Qxh4 $17) 29. Qc5 $1 h6 30. a4 Re7 {And now ...e3 would win.} (30... Rf8 {feels hotter.} 31. Rd1 Bg4 32. Re1 Ra8 33. a5 Kh7) 31. Qd4 $2 {[#]} (31. Rf2 $11 g6 32. g4 $1 {[%mdl 512]}) 31... Bg4 ({Resist} 31... Qxh4 32. Nd1 $17) ({Black should try} 31... Kf7 $1 32. Qe3 Rd7) 32. Qxf6 (32. Qe3 $142) 32... gxf6 $17 {[%mdl 4096] Endgame KRB-KRN} 33. Rf2 Kg7 34. Rf1 d4 35. Na2 Kg6 ({Better is} 35... c5 36. Re1 f5) 36. Nb4 c5 37. Nd5 {[#]} Rf7 (37... Rd7 $1 $17 {[%cal Rd7d5]} 38. Rxf6+ Kh5 39. Nf4+ Kxh4) 38. Nf4+ $11 Kg7 39. Re1 Re7 40. a5 Bc8 41. Nd5 Re5 42. Nb6 Ba6 43. Nd7 $1 {[%cal Rd7e5]} Rd5 44. Nb6 (44. Nb8 $5 {[%cal Rb8a6]} Bb7 45. Rxe4 $11) 44... Re5 45. Nd7 {Accuracy: White = 61%, Black = 51%.} 1/2-1/2

[Event "HUN-ch Rapid 2020"]
[Site "Ajka"]
[Date "2020.07.18"]
[Round "7.22"]
[White "Kiss, Pal"]
[Black "Gombocz, Ferenc Jr."]
[Result "1-0"]
[WhiteElo "2266"]
[BlackElo "2209"]
[Annotator "TA"]
[PlyCount "59"]
[EventDate "2020.07.17"]
[EventType "swiss"]
[EventCountry "HUN"]
[SourceTitle "playchess.com"]
[Source "ChessBase"]
[SourceQuality "1"]

{[%evp 9,59,30,24,20,60,54,40,59,52,45,46,43,48,34,43,70,70,56,70,74,166,166,274,247,279,279,279,270,391,391,381,391,392,377,432,425,457,457,501,499,499,490,528,527,711,742,1041,1039,1643,923,1723,1545]} 1. d4 d5 2. c4 c6 3. Nc3 Nf6 4. e3 a6 5. Nf3 Bf5 6. Ne5 {D15: Slav Defence: 4 Nc3 a6 and gambit lines after 4 Nc3 dxc4.} h6 7. Qb3 Ra7 8. cxd5 {White is slightly better.} cxd5 9. Bd2 e6 10. Rc1 Nfd7 11. Bb5 $36 {[%mdl 2048] White has good play.} Bd6 (11... axb5 12. Nxb5 Ra6 13. Nc7+ Ke7 14. Nxa6 $18) 12. Bxd7+ Nxd7 13. Nxd7 Qxd7 14. Na4 $1 {[%cal Ra4b6] Nb6 is the strong threat.} O-O {[#]} (14... Bc7 $16 {was worth a try.}) 15. Nb6 $1 $18 {[%cal Rb6d7]} Qd8 (15... Qb5 {keeps fighting.}) 16. Nc8 {[#]} Ra8 $146 ({Predecessor:} 16... Qxc8 17. Rxc8 Rxc8 18. Qb6 Bb8 19. O-O Kh7 20. Rc1 Bc2 21. Ba5 Kg6 22. Qb4 Rc4 {1-0 (30) Ponomariov,R (2723)-Carlsen,M (2690) Wijk aan Zee 2007}) 17. Nxd6 Qxd6 18. Bb4 {[%mdl 64] Skewer} Qb6 (18... Qd7 $142 19. Bxf8 Rxf8) 19. Bxf8 {[%mdl 64] Discovered Attack} Qxb3 20. axb3 Kxf8 {[%mdl 4096] Endgame KRR-KRB} 21. Rc7 Rb8 22. Kd2 {White is clearly winning.} Ke8 23. Rhc1 e5 24. dxe5 Bd7 25. Kd3 Ke7 26. Kd4 Ke6 27. f4 g6 28. g4 Bc6 {[#]} 29. f5+ $1 gxf5 30. Rf1 {Black did not feel at home in the position after the opening. Accuracy: White = 100%, Black = 34%.} 1-0

[Event "HUN-ch Rapid 2020"]
[Site "Ajka"]
[Date "2020.07.18"]
[Round "7.23"]
[White "Ongut, Tamas Gunes"]
[Black "Dobos, Jozsef"]
[Result "1-0"]
[WhiteElo "2305"]
[BlackElo "2254"]
[Annotator "TA"]
[PlyCount "41"]
[EventDate "2020.07.17"]
[EventType "swiss"]
[EventCountry "HUN"]
[SourceTitle "playchess.com"]
[Source "ChessBase"]
[SourceQuality "1"]

{[%evp 9,41,58,65,53,50,26,27,0,9,0,32,17,45,55,72,68,203,203,251,263,302,295,483,468,493,493,481,482,491,476,805,793,1022,504]} 1. d4 c5 2. d5 g6 3. c4 Bg7 4. Nc3 d6 5. e4 e6 6. Nf3 {A43: Schmid Benoni.} exd5 7. exd5 Bg4 8. Bd3 {White has an edge.} Nd7 9. h3 Bxf3 10. Qxf3 {[#]} Ne5 $146 ({Predecessor:} 10... Qe7+ 11. Qe2 Qxe2+ 12. Kxe2 Bxc3 13. bxc3 Ne5 14. Bf4 O-O-O 15. Kd2 Re8 16. Rhe1 Nf6 {1-0 (39) Koller,H (2172)-Mohr,G (2451) Austria 2019}) 11. Qe2 $36 {[%mdl 2048] Hoping for f4. White has some pressure.} Qh4 12. Ne4 Nxd3+ {Loses the game.} (12... Qe7 $1 $14 13. O-O O-O-O) 13. Qxd3 $18 Qe7 {[#] aiming for ...f5.} 14. O-O $1 O-O-O 15. Bg5 f6 $2 (15... Qc7 {might work better.} 16. Bxd8 Qxd8) 16. Bf4 {White is clearly winning.} Bh6 17. Bg3 f5 {[#]} 18. Nxd6+ $1 ({Avoid the trap} 18. Qc3 $2 fxe4 19. Rab1 (19. Qxh8 $2 {loses.} Nf6 $19) 19... Nf6 $19) 18... Rxd6 19. Rfe1 Qd7 (19... f4 $142 20. Rxe7 Nxe7) 20. Bxd6 {Black must now prevent Qa3!} Qxd6 21. Qc3 {Accuracy: White = 86%, Black = 26%.} (21. Re8+ $142 Kd7 22. Rae1) 1-0

[Event "HUN-ch Rapid 2020"]
[Site "Ajka"]
[Date "2020.07.18"]
[Round "7.24"]
[White "Majoros, Rozsa Evelin"]
[Black "Nemeth, Zoltan"]
[Result "1-0"]
[WhiteElo "2003"]
[BlackElo "2210"]
[Annotator "TA"]
[PlyCount "85"]
[EventDate "2020.07.17"]
[EventType "swiss"]
[EventCountry "HUN"]
[SourceTitle "playchess.com"]
[Source "ChessBase"]
[SourceQuality "1"]

{[%evp 23,85,55,63,51,63,37,39,39,41,12,18,25,30,-39,41,27,36,-8,36,14,137,76,76,64,98,80,105,86,305,291,304,300,308,305,308,303,366,351,352,359,399,389,427,428,403,404,591,574,819,821,814,808,801,797,1131,1142,1420,1379,2373,2443,29985,29986,29978,5316]} 1. e4 c5 2. Nf3 b6 3. d4 cxd4 4. Nxd4 Bb7 5. Bd3 a6 6. c4 Qc7 7. Nc3 e6 8. a3 d6 9. O-O Nd7 10. Be3 Ngf6 11. Rc1 Be7 12. f3 O-O 13. b4 {B42: Sicilian: Kan Variation: 5 Bd3.} Rfe8 14. Na4 Rac8 15. Qd2 {White is slightly better.} Qb8 16. Nb3 Bd8 17. Kh1 Bc7 18. Bg1 {[#]} (18. g3 $11) 18... Rcd8 $146 ({Black should play} 18... d5 $15 19. cxd5 exd5) ({Predecessor:} 18... d5 19. c5 Bf4 20. Be3 Bxe3 21. Qxe3 dxe4 22. fxe4 b5 23. Nc3 Ne5 24. Be2 Qa8 {1-0 (35) Kiolbasa,O (1818)-Aksoy,A (1713) Maribor 2012}) 19. Qc2 $14 Rc8 20. Rb1 Bc6 21. Nb2 (21. Nd4 $5 {[%cal Rd4c6]} Bb7 22. c5 $14) 21... d5 (21... Bb7 $11) 22. exd5 (22. cxd5 $142 Bb7 23. dxe6 Rxe6 24. Nd4) 22... exd5 $16 {[#]} 23. c5 $1 $36 {[%mdl 2048] White is more active.} Bb5 24. Nd4 (24. Bxb5 {keeps more tension.} axb5 25. Nd3 Bd6 26. Qd2 Be7 27. Rfe1) 24... bxc5 25. bxc5 Nxc5 $2 {This move loses the game for Black.} (25... Bb6 $16 {keeps fighting.}) 26. Bxb5 $18 axb5 27. Qxc5 Bxh2 28. Qxb5 Qxb5 29. Nxb5 Bxg1 30. Kxg1 Re2 {[#] And now ...Rcc2! would win.} 31. Rf2 Re6 32. Nd3 g6 33. a4 {[%cal Ba3a4,Ba4a5,Ba5a6,Ba6a7][%mdl 32]} Ra6 34. Ra2 Nd7 (34... Ra5 $142 35. Ne5 d4) 35. a5 Rc4 36. Nb4 Ra8 37. Nxd5 Rc5 38. Ndc7 Rc8 39. a6 Nb6 40. a7 Na8 41. Nxa8 Rxa8 42. Nd6 Kg7 43. Rb8 {Accuracy: White = 75%, Black = 34%.} 1-0